00331 2200157 4500001002100000005001500021035002000036245003000056100001700086250000600103300001200109260001800121082000800139084001400147990001200161INLIS00000000000251520250604114035 a0010-06250001011 aCleopatra /cBernard Shaw0 aBernard Shaw a1 a206 hlm bAvyruz,c2004 a800 a800 BER c a0712312